| 000 | 01495nam a2200349 a 4500 | ||
|---|---|---|---|
| 001 | ebr10031893 | ||
| 003 | CaPaEBR | ||
| 006 | m u | ||
| 007 | cr cn||||||||| | ||
| 008 | 921209s1993 njub sb 001 0 eng | ||
| 010 | _z 92044333 | ||
| 020 | _z0691032408 (alk. paper) | ||
| 040 |
_aCaPaEBR _cCaPaEBR |
||
| 035 | _a(OCoLC)179080206 | ||
| 050 | 1 | 4 |
_aHN445 _b.S67 1993eb |
| 082 | 0 | 4 |
_a361.6/1/0943 _220 |
| 100 | 1 |
_aSteinmetz, George, _d1957- |
|
| 245 | 1 | 0 |
_aRegulating the social _h[electronic resource] : _bthe welfare state and local politics in imperial Germany / _cGeorge Steinmetz. |
| 260 |
_aPrinceton, N.J. : _bPrinceton University Press, _cc1993. |
||
| 300 |
_axii, 375 p. : _bmap. |
||
| 490 | 1 | _aPrinceton studies in culture/power/history | |
| 504 | _aIncludes bibliographical references (p. [309]-367) and index. | ||
| 533 |
_aElectronic reproduction. _bPalo Alto, Calif. : _cebrary, _d2013. _nAvailable via World Wide Web. _nAccess may be limited to ebrary affiliated libraries. |
||
| 650 | 0 |
_aPublic welfare _zGermany _xHistory _y19th century. |
|
| 651 | 0 |
_aGermany _xSocial conditions _y1871-1918. |
|
| 651 | 0 |
_aGermany _xSocial policy. |
|
| 651 | 0 |
_aGermany _xPolitics and government _y1871-1918. |
|
| 655 | 7 |
_aElectronic books. _2local |
|
| 710 | 2 | _aebrary, Inc. | |
| 830 | 0 | _aPrinceton studies in culture/power/history. | |
| 856 | 4 | 0 |
_uhttp://site.ebrary.com/lib/rucke/Doc?id=10031893 _zAn electronic book accessible through the World Wide Web; click to view |
| 999 |
_c176282 _d176282 |
||